1482 1123 1770 1047 1529 1271 1642 1002 1583 1556 1867 1840 1034 1397 1386 1503 1883 1824 1672 1371 1287 1298 1901 1541 1940 1679 1991 1604 1327 1367 1138 1581 1497 1675 1277 1370 1689 1493 1970 1072 1130 1716 1269 1145 1320 1309 1382 1480 1296 1048 1200 1136 1087 1478 1664 1966 1302 1915 2000 1168 1573 1778 1368 1835 1413 1236 1303 1502 1003 1446 1530 1462 1092 1404 1437 1411 1049 1966 1447 1081 1684 1473 1691 1377 1956 1362 1234 1318 1200 1418 1294 1648 1018 1761 1413 1326 1159 1083 1776 BCNSPRNW ULIB Ver.6.0+V

เปลี่ยนเป็นภาษาไทย

Change to English
 แสดงรายละเอียดบรรณานุกรม
  กลับหน้าหลัก

Brief Record : Get Marc (ISO 2709) : E-mail record : QR code < ปิดหน้าต่าง
LEADER : 00000nam 2200000uu 4500
001    13399120737
003     ULIB
008    121005s2550||||th 000 0 tha d
020    ^a9789741638239
050 04 ^aBQ4570^bส722ป ล.2
100 0  ^aศุภวรรณ พิพัฒพรรณวงศ์ กรีน
245 10 ^aปฏิบัติการไล่หนูออกจากบ้าน เล่ม2 /^cศุภวรรณ พิพัฒพรรณวงศ์ กรีน
260    ^aกรุงเทพฯ :^bฟรีมายด์,^c2550
300    ^a152 หน้า
650  4 ^aการ์ตูน^xแง่พระพุทธศาสนา
710 2  ^aส้มซ่า
945    ^p140^l0^i16202
995    ^aวิภา
999 ^a ใช้งานได้ทุกระบบ
รายการนี้ยังไม่มีแท็ก
คุณยังไม่ได้ล็อกอิน คุณสามารถมีกิจกรรมร่วมกับเว็บไซต์ได้ แต่ต้องล็อกอินก่อน ::
  ล็อกอิน

รายการสื่อสารสนเทศ

ลำดับที่ ประเภท เลขเรียก/บาร์โค้ด สถานที่ สถานะ
1. วิทยาศาสตร์การแพทย์ และสุขภาพ
วิทยาศาสตร์การแพทย์ และสุขภาพ
BQ4570 ส722ป ล.2  
  Barcode: 16202
ห้องสมุดวิทยาเขตสวรรค์ประชารักษ์
►หนังสือทั่วไป
บนชั้น

รายการใกล้เคียง
    ผู้แต่ง [ศุภวรรณ พิพัฒพรรณวงศ์ กรีน]

BibComment


ยังไม่เคยถูกคอมเมนท์

คอมเมนท์ทรัพยากรรายการนี้
  คอมเมนท์: ปฏิบัติการไล่หนู..


 Copyright 2026. Bcnsprnw @Library